Differential Equations: From Calculus to Dynamical Systems.
Saved in:
| Main Author: | |
|---|---|
| Format: | Unknown |
| Published: |
Providence, Rhode Island, USA:
American Mathematical Society,
2019.
|
| Edition: | Second edition. |
| Series: | AMS/MAA Textbooks,
vol. 43. |
| Subjects: | |
| Tags: |
Add Tag
No Tags, Be the first to tag this record!
|
MARC
| LEADER | 00000 a2200000 4500 | ||
|---|---|---|---|
| 003 | CL-VaPUC | ||
| 005 | 20240119110020.0 | ||
| 008 | 220923t2019 ||||| |||| 00| 0 eng d | ||
| 999 | |c 438721 |d 438719 | ||
| 020 | |a 9781470463298 | ||
| 040 | |c Pontificia Universidad Católica de Valparaíso | ||
| 082 | 7 | |a 515.35 NOO 2019 |2 22 | |
| 100 | |a Noonburg, Virginia W. |9 876674 |e author | ||
| 245 | |a Differential Equations: From Calculus to Dynamical Systems. | ||
| 250 | |a Second edition. | ||
| 260 | |a Providence, Rhode Island, USA: |b American Mathematical Society, |c 2019. | ||
| 300 | |a 402 páginas. | ||
| 490 | |a AMS/MAA Textbooks, |v vol. 43. | ||
| 583 | |k Cristina María Rojas Aguilar |c 20220923 | ||
| 650 | 0 | |a Ecuaciones diferenciales |9 260083 | |
| 650 | 0 | |a Ecuaciones diferenciales parciales |9 269889 | |
| 650 | 0 | |a Métodos numéricos |9 259314 | |
| 942 | |2 ddc |c BK | ||
| 952 | |0 0 |1 0 |2 ddc |4 0 |6 515_350000000000000_NOO_2019 |7 0 |8 A |9 586816 |a BIBMAT |b BIBMAT |c GEN |d 2022-09-22 |e 1 |g 82701.00 |i 5654739 |l 2 |m 2 |o 515.35 NOO 2019 |p 5654739 |r 2025-01-07 |s 2024-06-07 |v 82701.00 |w 2022-09-22 |y BK |k MAT | ||